书目信息 |
| 题名: |
药学文献检索
|
|
| 作者: | 毕玉侠 , 于占洋 主编 | |
| 分册: | ||
| 出版信息: | 沈阳 东北大学出版社 2014 |
|
| 页数: | 243页 | |
| 开本: | 26cm | |
| 丛书名: | ||
| 单 册: | ||
| 中图分类: | G254.924:R9 | |
| 科图分类: | ||
| 主题词: | ||
| 电子资源: | ||
| ISBN: | 978-7-5517-0773-2 | |
| 000 | 00976nam0 2200277 450 | |
| 001 | 012015000249 | |
| 005 | 20150914151449.56 | |
| 010 | @a978-7-5517-0773-2@dCNY55.00 | |
| 100 | @a20150310d2014 em y0chiy50 ea | |
| 101 | 0 | @achi |
| 102 | @aCN@b210000 | |
| 105 | @ay z 001yy | |
| 106 | @ar | |
| 200 | 1 | @a药学文献检索@Ayao xue wen xian jian suo@f毕玉侠,于占洋主编 |
| 210 | @a沈阳@c东北大学出版社@d2014 | |
| 215 | @a243页@d26cm | |
| 300 | @a高等医药院校成人函授教材 | |
| 312 | @a封面英文题名:Pharmacy document retrieval | |
| 330 | @a本书论述了药学文献检索的基本理论与方法,介绍了常用的中外文药学文献数据库的检索方法,Sci Finder Scholar检索系统的精解与剖析是本教材的一大特色。 | |
| 510 | 1 | @aPharmacy document retrieval@zeng |
| 610 | 1 | @a药物学@a信息检索@a成人高等教育@a教材 |
| 690 | @aG254.924:R9@v5 | |
| 701 | 0 | @a毕玉侠@Abi yu xia@4主编 |
| 701 | 0 | @a于占洋@Ayu zhan yang@4主编 |
| 801 | 0 | @aCN@b碧洲教育@c20150716 |
| 905 | @a10447@f4@dG254.924:R9@e124 | |
| 药学文献检索/毕玉侠,于占洋主编.-沈阳:东北大学出版社,2014 |
| 243页;26cm |
| 高等医药院校成人函授教材 |
| ISBN 978-7-5517-0773-2:CNY55.00 |
| 本书论述了药学文献检索的基本理论与方法,介绍了常用的中外文药学文献数据库的检索方法,Sci Finder Scholar检索系统的精解与剖析是本教材的一大特色。 |
| ● |
| 相关链接 |
|
|
|
|
正题名:药学文献检索
索取号:G254.924:R9/124
 
预约/预借
| 序号 | 登录号 | 条形码 | 馆藏地/架位号 | 状态 | 备注 |
| 1 | 0870089 | 208700896 | 第一样本阅览室/ [索取号:G254.924:R9/124] | 在馆 | |
| 2 | 0870090 | 208700903 | 第四借阅区/ [索取号:G254.924:R9/124] | 在馆 | |
| 3 | 0870091 | 208700912 | 第四借阅区/ [索取号:G254.924:R9/124] | 在馆 | |
| 4 | 0870092 | 208700921 | 第四借阅区/ [索取号:G254.924:R9/124] | 在馆 |